Piłkarz, siatkarz, koszykarz czy skoczek narciarski? #5 - Statystyki

Ogólne statystyki
  • Ten quiz został rozwiązany 48 razy
  • Średni wynik to 14 z 15
Statystyki odpowiedzi
Zagadnienie Odpowiedź % Poprawnych
Który sport uprawia Lamine Yamal? Piłka nożna
100%
Który sport uprawia Jan Bednarek? Piłka nożna
98%
Który sport uprawia Jude Bellingham? Piłka nożna
98%
Który sport uprawia Łukasz Skorupski? Piłka nożna
98%
Który sport uprawia Kamil Stoch? Skoki narciarskie
98%
Który sport uprawia Jakub Kiwior? Piłka nożna
95%
Który sport uprawiał Mariusz Wlazły? Siatkówka
95%
Który sport uprawia Paul George? Koszykówka
93%
Który sport uprawia Karl-Anthony Towns? Koszykówka
93%
Który sport uprawiał Gregor Schlierenzauer? Skoki narciarskie
93%
Który sport uprawia Patrik Schick? Piłka nożna
91%
Który sport uprawia Kamil Semeniuk? Siatkówka
89%
Który sport uprawia Aleksander Zniszczoł? Skoki narciarskie
86%
Który sport uprawia Cade Cunningham? Koszykówka
64%
Który sport uprawia Lauri Markkanen? Koszykówka
61%
Nie znaleziono quizów pasujących do podanych kryteriów
Rozkład punktacji
Procent ludzi z każdym wynikiem
Percentyl według liczby udzielonych odpowiedzi
Twoja historia wyników
Nie rozwiązałeś tego quizu